| 000 | 00405nam a22001697a 4500 | ||
|---|---|---|---|
| 003 | MPLRDC | ||
| 005 | 20220104144300.0 | ||
| 008 | 210129b ||||| |||| 00| 0 eng d | ||
| 082 | _a947.413 QYYMZ v.6 | ||
| 100 | _a川原由美子 | ||
| 245 |
_a星空夜语. 6 _c |
||
| 260 |
_a _b淑女版 _c |
||
| 300 | _b平 | ||
| 490 | _a文艺漫画集 | ||
| 650 | _a长篇漫画 | ||
| 942 |
_cBK _o947.413 QYYMZ v.6 |
||
| 999 |
_c48097 _d48087 |
||